=LDR 00000nam 2200000 4500 =001 INLIS000000000062840 =005 20230926072827 =035 ##$$a 0010-0923000097 =007 ta =008 230926################g##########0#ind## =020 ##$$a 978-979-421-039-0 =082 ##$$a 340.11 =084 ##$$a 340.11 SOE f =245 ##$$a Faktor-faktor yang mempengaruhi penegakan hukum /$c Prof. Dr. Soerjono Soekanto, S.H., M.A. =250 ##$$a Edisi 1; Cetakan ke-17, Januari 2021 =300 ##$$a viii, 78 halaman ; $c 21 cm =650 #4$$a Penegakan Hukum =504 ##$$a Bibliografi: halaman 75-77 =264 ##$$a Depok :$b Rajawali Pers,$c 2021 =336 ##$$a teks$2 rdacontent =337 ##$$a tanpa perantara$2 rdamedia =338 ##$$a volume$2 rdacarrier =990 ##$$a 10671067 =990 ##$$a 24872487 =990 ##$$a 21004846 =990 ##$$a 5202301067